| 000 | 00437nam a2200169 a 4500 | ||
|---|---|---|---|
| 001 | 3272 | ||
| 005 | 20140414131848.0 | ||
| 008 | 060215s19uu xx 00 eng d | ||
| 050 |
_aM 398.2 _bW17 |
||
| 100 | _aDisney, Walt | ||
| 245 |
_aOur wonderful earth / _cWalt Disney. |
||
| 260 | _bThe Walt Disney. | ||
| 300 | _ap. : ill. ; cm. | ||
| 440 | _aThe Tupperware Library | ||
| 650 |
_aEarth _xJuvenile literature. |
||
| 999 |
_c110042 _d110042 |
||